LIBRARY & INFORMATION CENTRE, KCAET, TAVANUR

ONLINE PUBLIC ACCESS CATALOGUE (OPAC)

Engineering Physics (Record no. 13607)

MARC details
000 -LEADER
fixed length control field 00355cam a2200145ua 4500
020 ## - INTERNATIONAL STANDARD BOOK NUMBER
ISBN 9788173716782
082 ## - DEWEY DECIMAL CLASSIFICATION NUMBER
Classification number 530.
Item number JAI/EN
100 ## - MAIN ENTRY--AUTHOR NAME
Personal name Jain,Sanjay D
100 ## - MAIN ENTRY--AUTHOR NAME
Personal name Sagasrabudhe,Girish G
245 ## - TITLE STATEMENT
Title Engineering Physics
250 ## - EDITION STATEMENT
Edition statement /1
260 ## - PUBLICATION, DISTRIBUTION, ETC. (IMPRINT)
Place of publication Hyderabad
Name of publisher Universities Press India Pvt Ltd
Year of publication 2010
300 ## - PHYSICAL DESCRIPTION
Number of Pages 594.
942 ## - ADDED ENTRY ELEMENTS (KOHA)
Koha item type Books
Holdings
Withdrawn status Lost status Damaged status Collection code Home library Current library Shelving location Date acquired Source of acquisition Cost, normal purchase price Full call number Accession Number Koha item type
        KAUAET KAUAET Scheme 29/08/2016 Penta Books Distributors, Kozhikode 295.00 530. JAI/EN BB 146 Book Bank scheme for SC students
        KAUAET KAUAET Scheme 29/08/2016 Penta Books Distributors, Kozhikode 295.00 530. JAI/EN BB 147 Book Bank scheme for SC students
free website counter